000
00276 a2200109 4500
001
66583
040
_c
Anchieta - Pituba
240
1
0
_a
Was Kinder wissen wollen
_l
245
1
0
_a
Was Kinder wissen wollen
650
4
_a
Línguas germânicas (teutônicas) língua alemã
942
_c
MX
999
_c
66583
_d
66583